000 00521nam a2200097Ia 4500
008 170517s9999 xx 000 0 und d
245 _aAllergy Planet
300 _aWe are in the grip of an allergy epidemic. 50 years ago one in 30 were affected, but in Britain today it is closer to one in three. Why this should be is one of modern medicine's greatest puzzles. In search of answers, Horizon travels round the globe, from the remotest...
650 _xTechnology.
856 _uhttp://topdocumentaryfilms.com/allergy-planet/
999 _c335008
_d335008